| 000 | 01411nam a2200361 c 4500 | ||
|---|---|---|---|
| 999 |
_c161656 _d161656 |
||
| 003 | BLK | ||
| 005 | 20250123100045.0 | ||
| 008 | 180410b bul|||||r ||||||| ||bul|| | ||
| 010 | _aKNG00168986000 | ||
| 040 | _aBLK | ||
| 041 |
_aBUL _cBUL |
||
| 072 | 7 |
_2bullib _aК _xКраезнание |
|
| 080 |
_aБългарска литература _b821.163.2 _x-93-293 _z821.163.2-93-293 |
||
| 100 | 1 |
_aТодоров, Димитър Ф. _eпърви автор _9335286 |
|
| 139 |
_aТодоров, Димитър Ф. _bТ 64 |
||
| 245 | 1 | 0 |
_aМалката кибритопродавачка _bДетска оперетка _cДимитър Ф. Тодоров; музика Христо Илиев; по Ханс Кристиан Андерсен. |
| 257 | _aBGR | ||
| 260 |
_c1915 _fРусе : Братя Златеви |
||
| 300 |
_a20 с. _c20 см |
||
| 380 | _aX | ||
| 490 | 1 |
_aБиблиотека Детски театър _vГ. І, № 1 |
|
| 659 | _aК | ||
| 700 | 1 |
_aИлиев, Христо _eмузика _9381743 |
|
| 700 |
_aАндерсен, Ханс Кристиан _d1805 - 1875 _9363318 |
||
| 852 | _aЦб 123284 | ||
| 852 | _aК 821.163.2/Т 64 Д | ||
| 856 | 4 | _qpdf | |
| 856 | 4 | _qpdf | |
| 942 |
_cKNG _n0 _s1 _01 |
||
| 944 |
_aCR _c18.12.2014 _lВаля Йорданова _k30558 |
||
| 944 |
_aED _c20.12.2014 _l18.12.2014 - от С1,Р / 18.12.2014 _kГеновева_Генчева |
||
| 999 | _d161656 | ||